[Event "DEN-ch cand"]
[Site "Skorping"]
[Date "2017.04.17"]
[Round "7"]
[White "Kragh, Niels Kristian"]
[Black "Kristensen, Bjarke Hautop"]
[Result "1/2-1/2"]
[WhiteElo "2124"]
[BlackElo "2055"]
[PlyCount "29"]
[EventDate "2017.04.11"]
[EventType "swiss"]
[EventRounds "7"]
[EventCountry "DEN"]
[SourceTitle "EXT 2018"]
[Source "ChessBase"]
[SourceDate "2017.10.13"]
[SourceVersion "1"]
[SourceVersionDate "2017.10.13"]
[SourceQuality "1"]

1. e4 c5 2. Nf3 e6 3. d4 cxd4 4. Nxd4 a6 5. Bd3 Qc7 6. 0-0 Nc6 7. Nxc6 bxc6 8. Nc3 d5 9. f4 Bc5+ 10. Kh1 Nf6 11. Qf3 Bb7 12. e5 Nd7 13. Na4 Ba7 14. b3 Nc5 15. Nxc5 1/2-1/2

[Event "DEN-ch cand"]
[Site "Skorping"]
[Date "2017.04.16"]
[Round "6"]
[White "Kolbak, Jens"]
[Black "Kragh, Niels Kristian"]
[Result "1/2-1/2"]
[WhiteElo "2216"]
[BlackElo "2124"]
[PlyCount "79"]
[EventDate "2017.04.11"]
[EventType "swiss"]
[EventRounds "7"]
[EventCountry "DEN"]
[SourceTitle "EXT 2018"]
[Source "ChessBase"]
[SourceDate "2017.10.13"]
[SourceVersion "1"]
[SourceVersionDate "2017.10.13"]
[SourceQuality "1"]

1. e4 e6 2. d4 d5 3. e5 c5 4. Nf3 Nc6 5. Bd3 Nxd4 6. Nxd4 cxd4 7. 0-0 Ne7 8. Nd2 Nc6 9. Nf3 Qb6 10. a3 a5 11. b3 Be7 12. Bb2 0-0 13. Qe2 f6 14. Rad1 Bd7 15. a4 Qc7 16. Nxd4 Nxe5 17. Bb5 Bc5 18. Bxd7 Qxd7 19. Kh1 Bxd4 20. Bxd4 Nc6 21. Bc5 Rfe8 22. Rd3 e5 23. Qh5 d4 24. Rh3 g6 25. Qe2 Qd5 26. Qb5 Nb4 27. c3 dxc3 28. Rxc3 Rac8 29. h3 Red8 30. Qxa5 Nd3 31. Bb6 Qxa5 32. Bxa5 Rxc3 33. Bxc3 Nc5 34. Bb4 Nxb3 35. Be7 Rd5 36. Rb1 Nc5 37. Bxc5 Rxc5 38. Rxb7 Ra5 39. Rb4 Kf7 40. Rb7+ 1/2-1/2

[Event "DEN-ch cand"]
[Site "Skorping"]
[Date "2017.04.11"]
[Round "1"]
[White "Kragh, Niels Kristian"]
[Black "Thogersen, Rasmus"]
[Result "0-1"]
[WhiteElo "2124"]
[BlackElo "2208"]
[PlyCount "54"]
[EventDate "2017.04.11"]
[EventType "swiss"]
[EventRounds "7"]
[EventCountry "DEN"]
[SourceTitle "EXT 2018"]
[Source "ChessBase"]
[SourceDate "2017.10.13"]
[SourceVersion "1"]
[SourceVersionDate "2017.10.13"]
[SourceQuality "1"]

1. e4 c5 2. Nf3 d6 3. d4 cxd4 4. Nxd4 Nf6 5. Nc3 a6 6. f4 Qc7 7. Nf3 Nbd7 8. Bd3 b5 9. a3 Bb7 10. 0-0 g6 11. Qe1 Bg7 12. f5 Nc5 13. Kh1 0-0 14. Qh4 Rac8 15. Bh6 e6 16. Ng5 exf5 17. exf5 Qc6 18. Rf3 Rce8 19. Raf1 Re5 20. Bxg7 Kxg7 21. fxg6 fxg6 22. Rg3 Nxd3 23. cxd3 Nh5 24. Rgf3 Rf4 25. Qf2 Rxg5 26. Rxf4 Qxg2+ 27. Qxg2 Bxg2+ 0-1

[Event "DEN-chT 1617 55th"]
[Site "Denmark"]
[Date "2017.03.18"]
[Round "8.2"]
[White "Sloth, Jorn"]
[Black "Kragh, Niels Kristian"]
[Result "1/2-1/2"]
[WhiteElo "2300"]
[BlackElo "2134"]
[PlyCount "83"]
[EventDate "2016.10.29"]
[EventType "team-tourn"]
[EventRounds "9"]
[EventCountry "DEN"]
[SourceTitle "EXT 2018"]
[Source "ChessBase"]
[SourceDate "2017.10.13"]
[SourceVersion "1"]
[SourceVersionDate "2017.10.13"]
[SourceQuality "1"]
[WhiteTeam "Nordre"]
[BlackTeam "Valby K41"]
[WhiteTeamCountry "DEN"]
[BlackTeamCountry "DEN"]

1. c4 e5 2. Nc3 Nf6 3. Nf3 Nc6 4. d3 d5 5. cxd5 Nxd5 6. g3 Be7 7. Bg2 Nb6 8. Be3 0-0 9. a4 a5 10. Bxb6 cxb6 11. Nd2 Be6 12. 0-0 Qd4 13. Nb5 Qd7 14. Rc1 Rac8 15. Nc4 Bc5 16. Nxe5 Bxf2+ 17. Rxf2 Nxe5 18. Rc3 Rfd8 19. Rf4 Nc6 20. Qd2 Qe7 21. Qe3 Bd5 22. Qxe7 Nxe7 23. Bh3 Rc5 24. d4 Rc4 25. e4 Rxa4 26. exd5 Nxd5 27. Rff3 Nxc3 28. bxc3 Ra1+ 29. Bf1 a4 30. c4 Re8 31. Kg2 Ree1 32. d5 a3 33. Nxa3 Rxf1 34. Rxf1 Rxa3 35. Rb1 Rc3 36. Rxb6 Rxc4 37. Rxb7 g6 38. d6 Rd4 39. Rb8+ Kg7 40. Rd8 Kf6 41. Kf3 Ke6 42. Re8+ 1/2-1/2

[Event "Copenhagen Bronshoj op"]
[Site "Copenhagen"]
[Date "2017.02.16"]
[Round "7"]
[White "Kragh, Niels Kristian"]
[Black "Brinck Claussen, Bjorn"]
[Result "1/2-1/2"]
[WhiteElo "2117"]
[BlackElo "2226"]
[PlyCount "56"]
[EventDate "2017.02.10"]
[EventType "swiss"]
[EventRounds "7"]
[EventCountry "DEN"]
[SourceTitle "CBM 176 Extra"]
[Source "ChessBase"]
[SourceDate "2017.03.02"]
[SourceVersion "1"]
[SourceVersionDate "2017.03.02"]
[SourceQuality "1"]

1. e4 e6 2. d4 d5 3. Nd2 c5 4. exd5 Qxd5 5. Ngf3 cxd4 6. Bc4 Qd6 7. 0-0 Nf6 8. Nb3 Nc6 9. Nbxd4 Nxd4 10. Nxd4 a6 11. Re1 Qc7 12. Bb3 Bd7 13. Qe2 0-0-0 14. c3 Bc5 15. Bg5 Bxd4 16. cxd4 Bc6 17. Rac1 Rxd4 18. Rxc6 bxc6 19. Be3 Rb4 20. Rc1 Rxb3 21. Qxa6+ Kd7 22. axb3 Rb8 23. Bd4 e5 24. Bc3 Rb5 25. Qa8 Rb8 26. Rd1+ Ke8 27. Qa4 Rb5 28. Qa8+ Rb8 1/2-1/2

[Event "Copenhagen OeBRO op"]
[Site "Copenhagen"]
[Date "2016.12.30"]
[Round "6"]
[White "Kragh, Niels Kristian"]
[Black "Olsen, Peter Erik"]
[Result "1/2-1/2"]
[WhiteElo "2121"]
[BlackElo "2228"]
[PlyCount "87"]
[EventDate "2016.12.27"]
[EventType "swiss"]
[EventRounds "7"]
[EventCountry "DEN"]
[SourceTitle "CBM 176 Extra"]
[Source "ChessBase"]
[SourceDate "2017.03.02"]
[SourceVersion "1"]
[SourceVersionDate "2017.03.02"]
[SourceQuality "1"]

1. e4 d5 2. d4 dxe4 3. Nc3 e5 4. Nxe4 Nf6 5. Nxf6+ Qxf6 6. dxe5 Qxe5+ 7. Be2 Bg4 8. Be3 Bxe2 9. Qxe2 Be7 10. Nf3 Qa5+ 11. Bd2 Qa6 12. c4 Qe6 13. Qxe6 fxe6 14. 0-0-0 Nc6 15. Rhe1 Kf7 16. Ng5+ Bxg5 17. Bxg5 Rhe8 18. Rd7+ Kg6 19. Bd2 Rac8 20. Re3 Re7 21. Rxe7 Nxe7 22. Rxe6+ Kf7 23. Re4 Nf5 24. Bc3 g6 25. b3 c6 26. f3 b5 27. Kb2 Nd6 28. Rd4 Ke6 29. cxb5 cxb5 30. Bb4 Nf5 31. Re4+ Kd5 32. Bc3 Rc7 33. g4 Nh4 34. Re5+ Kc6 35. f4 Rf7 36. Re6+ Kc5 37. Bf6 Ng2 38. f5 gxf5 39. gxf5 Nf4 40. Ra6 Nd5 41. Bh4 Rxf5 42. Rxa7 h5 43. Ra8 Re5 44. Rc8+ 1/2-1/2

[Event "Copenhagen OeBRO op"]
[Site "Copenhagen"]
[Date "2016.12.29"]
[Round "5"]
[White "Kragh, Niels Kristian"]
[Black "Seegert, Kristian"]
[Result "1/2-1/2"]
[WhiteElo "2121"]
[BlackElo "2255"]
[PlyCount "61"]
[EventDate "2016.12.27"]
[EventType "swiss"]
[EventRounds "7"]
[EventCountry "DEN"]
[SourceTitle "CBM 176 Extra"]
[Source "ChessBase"]
[SourceDate "2017.03.02"]
[SourceVersion "1"]
[SourceVersionDate "2017.03.02"]
[SourceQuality "1"]

1. e4 c5 2. Nf3 d6 3. d4 cxd4 4. Nxd4 Nf6 5. Nc3 g6 6. Be3 Bg7 7. f3 0-0 8. Qd2 Nc6 9. Bc4 Bd7 10. 0-0-0 Rb8 11. Bb3 Na5 12. Kb1 b5 13. g4 Nc4 14. Bxc4 bxc4 15. Ka1 Qb6 16. Rb1 Qa5 17. h4 h5 18. gxh5 Nxh5 19. Rhg1 Rfc8 20. Rg5 Rc5 21. Nde2 Rxg5 22. hxg5 Qa6 23. Bd4 e5 24. Be3 Be6 25. Nd5 Rb7 26. Nec3 Qa5 27. Qh2 Qd8 28. Rg1 Qb8 29. Bc1 Qd8 30. Be3 Qb8 31. Bc1 1/2-1/2

[Event "DEN-chT 1617 55th"]
[Site "Denmark"]
[Date "2016.10.30"]
[Round "2.4"]
[White "Rewitz, Poul"]
[Black "Kragh, Niels Kristian"]
[Result "1-0"]
[WhiteElo "2215"]
[BlackElo "2134"]
[PlyCount "101"]
[EventDate "2016.10.29"]
[EventType "team-tourn"]
[EventRounds "9"]
[EventCountry "DEN"]
[SourceTitle "EXT 2018"]
[Source "ChessBase"]
[SourceDate "2017.10.13"]
[SourceVersion "1"]
[SourceVersionDate "2017.10.13"]
[SourceQuality "1"]
[WhiteTeam "Copenhagen 68"]
[BlackTeam "Valby K41"]
[WhiteTeamCountry "DEN"]
[BlackTeamCountry "DEN"]

1. g3 Nf6 2. Bg2 d5 3. f4 c6 4. Nf3 Bf5 5. 0-0 e6 6. c3 Be7 7. d3 0-0 8. Na3 h6 9. Nc2 c5 10. Ne3 Bh7 11. f5 Nc6 12. fxe6 fxe6 13. Bh3 Qd6 14. Ng2 e5 15. Nfh4 Qc7 16. Nf5 Kh8 17. Ngh4 Rad8 18. Nxh6 gxh6 19. Bxh6 Rg8 20. Qd2 Ne4 21. dxe4 Bxh4 22. exd5 Bxg3 23. hxg3 Rxg3+ 24. Kh2 Rdg8 25. Rf3 Rxf3 26. exf3 Nd8 27. Rg1 Rxg1 28. Kxg1 Nf7 29. Bg5 Nxg5 30. Qxg5 Qg7 31. Qxg7+ Kxg7 32. Kf2 Kf6 33. d6 b6 34. Kg3 Bg6 35. Kh4 Bd3 36. d7 Ke7 37. Kg5 Bc2 38. Bg4 Bd3 39. d8Q+ Kxd8 40. Kf6 Bb1 41. Kxe5 Bxa2 42. Kd6 Bc4 43. f4 Ke8 44. Kc6 Bd3 45. Kb7 b5 46. Kxa7 b4 47. Kb6 bxc3 48. bxc3 c4 49. Kc5 Ke7 50. Kd4 Kd6 51. Bc8 1-0

[Event "Copenhagen Obro New Year op"]
[Site "Copenhagen"]
[Date "2015.12.30"]
[Round "7"]
[White "Rhee, Alexander H"]
[Black "Kragh, Niels Kristian"]
[Result "0-1"]
[WhiteElo "2214"]
[BlackElo "2105"]
[PlyCount "65"]
[EventDate "2015.12.27"]
[EventType "swiss"]
[EventRounds "7"]
[EventCountry "DEN"]
[SourceTitle "EXT 2018"]
[Source "ChessBase"]
[SourceDate "2017.10.13"]
[SourceVersion "1"]
[SourceVersionDate "2017.10.13"]
[SourceQuality "1"]

1. e4 e6 2. d4 d5 3. exd5 Qxd5 4. Nf3 Nf6 5. Nbd2 b6 6. Bc4 Qd8 7. Bb5+ c6 8. Bd3 Bb7 9. Qe2 Be7 10. 0-0 Nbd7 11. c3 c5 12. dxc5 Bxc5 13. Nc4 Qc7 14. Bg5 Ng4 15. Be4 Ndf6 16. Bf4 Qxf4 17. Bxb7 Rd8 18. Bc6+ Kf8 19. h3 b5 20. Rad1 Rxd1 21. Qxd1 g6 22. Ncd2 h5 23. Nb3 Bb6 24. Qd2 Qc7 25. Bxb5 Ne4 26. Qd7 Qg3 27. Nbd4 Ngxf2 28. Nxe6+ fxe6 29. Nd4 Kg8 30. Qxe6+ Kg7 31. Bc6 Qe3 32. Qe5+ Kh7 33. Kh2 0-1

[Event "Copenhagen Obro New Year op"]
[Site "Copenhagen"]
[Date "2015.12.29"]
[Round "5"]
[White "Jorgensen, Brian Jorgen"]
[Black "Kragh, Niels Kristian"]
[Result "1-0"]
[WhiteElo "2270"]
[BlackElo "2105"]
[PlyCount "81"]
[EventDate "2015.12.27"]
[EventType "swiss"]
[EventRounds "7"]
[EventCountry "DEN"]
[SourceTitle "EXT 2018"]
[Source "ChessBase"]
[SourceDate "2017.10.13"]
[SourceVersion "1"]
[SourceVersionDate "2017.10.13"]
[SourceQuality "1"]

1. d4 Nf6 2. c4 e6 3. Nc3 Bb4 4. f3 d5 5. a3 Bxc3+ 6. bxc3 c5 7. cxd5 Nxd5 8. dxc5 f5 9. c4 Qf6 10. Bd2 Ne7 11. Rc1 f4 12. Nh3 Qh4+ 13. Nf2 Nf5 14. g3 fxg3 15. hxg3 Qxg3 16. Rh3 Qg1 17. Bf4 e5 18. Rh1 Qg6 19. Bxe5 Nc6 20. Bd6 Be6 21. Bh3 0-0-0 22. Bxf5 Bxf5 23. e4 Rhe8 24. Kf1 Be6 25. f4 Qf7 26. Qb3 Nd4 27. Qa4 a6 28. f5 Bxf5 29. exf5 Qxf5 30. Rh4 Nf3 31. Rf4 Nd2+ 32. Kg2 Qg5+ 33. Rg4 Qe3 34. Rg3 Qe2 35. Qa5 Rd7 36. Rd1 Ne4 37. Rf1 Rf7 38. c6 Rxf2+ 39. Rxf2 Qxf2+ 40. Kh3 Qf5+ 41. Qxf5+ 1-0

[Event "Copenhagen K41 Sommer A"]
[Site "Copenhagen"]
[Date "2012.05.31"]
[Round "3"]
[White "Hansen, Morten Moller"]
[Black "Kragh, Niels Kristian"]
[Result "0-1"]
[WhiteElo "2061"]
[BlackElo "2084"]
[PlyCount "52"]
[EventDate "2012.05.17"]
[EventType "tourn"]
[EventRounds "5"]
[EventCountry "DEN"]
[SourceTitle "EXT 2023"]
[Source "ChessBase"]
[SourceDate "2022.10.05"]
[SourceVersion "1"]
[SourceVersionDate "2022.10.05"]
[SourceQuality "1"]

1. d4 d5 2. c4 dxc4 3. Nf3 Nf6 4. Qa4+ Nc6 5. e3 Nd5 6. Bd2 Nb6 7. Qc2 e6 8. a3 Bd6 9. Bxc4 Nxc4 10. Qxc4 0-0 11. b4 a6 12. 0-0 e5 13. d5 Ne7 14. Bc3 Ng6 15. Nbd2 f5 16. g3 Bd7 17. Qb3 Kh8 18. Nc4 Qe7 19. h4 e4 20. Nxd6 exf3 21. Nc4 Qe4 22. Nd2 Qg4 23. Qc4 f4 24. Qd4 Rf7 25. exf4 Nxf4 26. Rad1 Qh3 0-1

[Event "DEN-ch qual1"]
[Site "Helsingor"]
[Date "2012.04.05"]
[Round "1"]
[White "Kragh, Niels Kristian"]
[Black "Olsen, Michael Richard W"]
[Result "1/2-1/2"]
[WhiteElo "2112"]
[BlackElo "1938"]
[PlyCount "65"]
[EventDate "2012.04.05"]
[EventType "swiss"]
[EventRounds "5"]
[EventCountry "DEN"]
[SourceTitle "EXT 2018"]
[Source "ChessBase"]
[SourceDate "2017.10.13"]
[SourceVersion "1"]
[SourceVersionDate "2017.10.13"]
[SourceQuality "1"]

1. e4 a6 2. c4 e6 3. d4 d5 4. Nc3 dxe4 5. Nxe4 Nf6 6. Nc3 Be7 7. Nf3 0-0 8. Bd3 Kh8 9. 0-0 Nc6 10. Bb1 b5 11. cxb5 axb5 12. Nxb5 Ba6 13. Bd3 Nb4 14. Be2 Bxb5 15. Bxb5 Rxa2 16. Rxa2 Nxa2 17. Bd2 Nd5 18. Ne5 Nab4 19. Re1 c5 20. dxc5 Qc7 21. Bxb4 Nxb4 22. c6 Bd6 23. Qe2 Ra8 24. Nf3 Nd5 25. g3 h6 26. Rc1 Qb6 27. Bd3 Ra4 28. Nd2 Qxb2 29. Rb1 Ra1 30. Rxa1 Qxa1+ 31. Kg2 Qc3 32. Nc4 Bc7 33. Qe4 1/2-1/2

[Event "Taastrup Quick Weekend 12th M1"]
[Site "Taastrup"]
[Date "2010.10.01"]
[Round "1"]
[White "Kragh, Niels Kristian"]
[Black "Lauritsen, Martin Lee"]
[Result "1/2-1/2"]
[WhiteElo "2169"]
[BlackElo "2055"]
[PlyCount "89"]
[EventDate "2010.10.01"]
[EventType "tourn"]
[EventRounds "5"]
[EventCountry "DEN"]
[SourceTitle "EXT 2023"]
[Source "ChessBase"]
[SourceDate "2022.10.05"]
[SourceVersion "1"]
[SourceVersionDate "2022.10.05"]
[SourceQuality "1"]

1. e4 e5 2. Qh5 Nc6 3. Bc4 g6 4. Qf3 Nf6 5. Ne2 d6 6. h3 Na5 7. d3 Nxc4 8. dxc4 Bg7 9. Bg5 Be6 10. b3 h6 11. Bh4 g5 12. Bg3 Nd7 13. Nbc3 a6 14. Nd5 Bxd5 15. cxd5 0-0 16. Qf5 Nf6 17. 0-0 Qd7 18. Qxd7 Nxd7 19. f3 f5 20. Bf2 f4 21. c4 b6 22. b4 Rfb8 23. Rfb1 Bf8 24. Nc1 b5 25. cxb5 Rxb5 26. Nd3 Be7 27. Rc1 Bd8 28. Rc6 Rb7 29. a4 Kf7 30. Kf1 h5 31. Ke2 h4 32. Rb1 Ke8 33. Rb3 Nb8 34. Rc1 Nd7 35. Kd2 Nb6 36. Bxb6 Rxb6 37. Nb2 Rab8 38. Kc3 c5 39. b5 axb5 40. axb5 Rxb5 41. Rxb5 Rxb5 42. Nc4 Kd7 43. Ra1 Bc7 44. Ra8 Rb8 45. Ra1 1/2-1/2

[Event "Valby K41 Spring"]
[Site "Valby"]
[Date "2010.04.27"]
[Round "6"]
[White "Kragh, Niels Kristian"]
[Black "Nielsen, Leonard de Freitas"]
[Result "1-0"]
[WhiteElo "2168"]
[BlackElo "1929"]
[PlyCount "47"]
[EventDate "2010.03.16"]
[EventType "tourn"]
[EventRounds "7"]
[EventCountry "DEN"]
[SourceTitle "EXT 2018"]
[Source "ChessBase"]
[SourceDate "2017.10.13"]
[SourceVersion "1"]
[SourceVersionDate "2017.10.13"]
[SourceQuality "1"]

1. e4 c5 2. Nf3 Nc6 3. d4 cxd4 4. Nxd4 Nf6 5. Nc3 g6 6. Nxc6 bxc6 7. e5 Nd5 8. Nxd5 cxd5 9. Qxd5 Rb8 10. e6 f6 11. exd7+ Bxd7 12. Bc4 e6 13. Qe4 Bc5 14. 0-0 Kf7 15. Bf4 Rb6 16. Rad1 Qe7 17. Rd3 Bc6 18. Qe2 Re8 19. b3 Qb7 20. Rfd1 Re7 21. Be3 Bxe3 22. Qxe3 Bxg2 23. Qh6 Bd5 24. Rxd5 1-0

[Event "Valby K41 Spring"]
[Site "Valby"]
[Date "2010.04.13"]
[Round "5"]
[White "Porte, Henrik"]
[Black "Kragh, Niels Kristian"]
[Result "1-0"]
[WhiteElo "2088"]
[BlackElo "2168"]
[PlyCount "81"]
[EventDate "2010.03.16"]
[EventType "tourn"]
[EventRounds "7"]
[EventCountry "DEN"]
[SourceTitle "EXT 2018"]
[Source "ChessBase"]
[SourceDate "2017.10.13"]
[SourceVersion "1"]
[SourceVersionDate "2017.10.13"]
[SourceQuality "1"]

1. c4 e5 2. Nc3 Nf6 3. e4 Bc5 4. g3 d6 5. h3 0-0 6. Bg2 Nc6 7. Nge2 a6 8. 0-0 Nh5 9. d3 g6 10. Bh6 Ng7 11. Qd2 f5 12. Nd5 Rf7 13. Bg5 Qf8 14. b4 Ba7 15. exf5 Nxf5 16. Kh2 Be6 17. Rab1 Ncd4 18. Nxd4 Bxd4 19. Ne3 c6 20. a4 Qc8 21. b5 axb5 22. axb5 Qc7 23. Rb3 Ra1 24. Rxa1 Bxa1 25. Qa2 Nd4 26. Ra3 Nf3+ 27. Bxf3 Rxf3 28. Ra8+ Kg7 29. Qxa1 Rxf2+ 30. Kg1 Qf7 31. Bf4 Rxf4 32. gxf4 Qxf4 33. Ng2 Bxh3 34. Qf1 g5 35. Nxf4 Bxf1 36. Ne6+ Kf6 37. Kxf1 Kxe6 38. bxc6 bxc6 39. Rh8 d5 40. cxd5+ cxd5 41. Rxh7 1-0

[Event "DEN 75th Ann"]
[Site "Copenhagen"]
[Date "2010.02.17"]
[Round "5"]
[White "Andersen, Mads"]
[Black "Kragh, Niels Kristian"]
[Result "1/2-1/2"]
[WhiteElo "2300"]
[BlackElo "2147"]
[PlyCount "59"]
[EventDate "2010.02.15"]
[EventType "swiss"]
[EventRounds "9"]
[EventCountry "DEN"]
[SourceTitle "CBM 134 Extra"]
[Source "ChessBase"]
[SourceDate "2010.03.03"]
[SourceVersion "1"]
[SourceVersionDate "2010.03.03"]
[SourceQuality "1"]

1. e4 c6 2. d4 d5 3. Nc3 dxe4 4. Nxe4 Nd7 5. Ng5 Ngf6 6. Bd3 e6 7. N1f3 Bd6 8. Qe2 h6 9. Ne4 Nxe4 10. Qxe4 Qc7 11. 0-0 b6 12. b3 Bb7 13. Qh4 Nf6 14. Bb2 0-0-0 15. Ne5 g5 16. Qh3 Nd5 17. Be4 Nf4 18. Qf3 f6 19. g3 fxe5 20. dxe5 Nh3+ 21. Kg2 Bxe5 22. Bxe5 Qxe5 23. Bxc6 Ba6 24. Rfe1 Qf5 25. Qxf5 exf5 26. Kxh3 g4+ 27. Kh4 Rd2 28. c4 Rxf2 29. Rh1 Kc7 30. Bd5 1/2-1/2

[Event "DEN 75th Ann"]
[Site "Copenhagen"]
[Date "2010.02.16"]
[Round "2"]
[White "Kragh, Niels Kristian"]
[Black "Hansen, Lars Henrik Bech"]
[Result "1/2-1/2"]
[WhiteElo "2147"]
[BlackElo "2083"]
[PlyCount "84"]
[EventDate "2010.02.15"]
[EventType "swiss"]
[EventRounds "9"]
[EventCountry "DEN"]
[SourceTitle "CBM 134 Extra"]
[Source "ChessBase"]
[SourceDate "2010.03.03"]
[SourceVersion "1"]
[SourceVersionDate "2010.03.03"]
[SourceQuality "1"]

1. e4 d6 2. d4 g6 3. Nc3 Nf6 4. f4 Bg7 5. Nf3 c5 6. Bb5+ Bd7 7. e5 Ng4 8. Bxd7+ Qxd7 9. d5 dxe5 10. h3 e4 11. hxg4 exf3 12. Qxf3 Na6 13. Bd2 Nb4 14. 0-0-0 Bxc3 15. bxc3 Na6 16. c4 Qa4 17. Qb3 Qxb3 18. cxb3 0-0 19. Bc3 f6 20. a3 Rad8 21. g5 Rd7 22. gxf6 exf6 23. Rhe1 Nc7 24. Re2 Re8 25. Rde1 Kf7 26. b4 Rxe2 27. Rxe2 cxb4 28. Bxb4 b5 29. d6 Ne6 30. c5 Nd4 31. Re3 Nc6 32. g4 a5 33. Bc3 b4 34. axb4 axb4 35. Bb2 Rd8 36. f5 Rc8 37. d7 Rc7 38. Re6 Nd8 39. Rxf6+ Ke7 40. fxg6 Rxc5+ 41. Kd2 hxg6 42. Rxg6 Kxd7 1/2-1/2

[Event "DEN 75th Ann"]
[Site "Copenhagen"]
[Date "2010.02.16"]
[Round "3"]
[White "Mikkelsen, Nikolaj"]
[Black "Kragh, Niels Kristian"]
[Result "1-0"]
[WhiteElo "2381"]
[BlackElo "2147"]
[PlyCount "63"]
[EventDate "2010.02.15"]
[EventType "swiss"]
[EventRounds "9"]
[EventCountry "DEN"]
[SourceTitle "CBM 134 Extra"]
[Source "ChessBase"]
[SourceDate "2010.03.03"]
[SourceVersion "1"]
[SourceVersionDate "2010.03.03"]
[SourceQuality "1"]

1. e4 c6 2. d4 d5 3. e5 Bf5 4. Nf3 e6 5. Be2 Ne7 6. 0-0 Nd7 7. c3 Bg6 8. Nbd2 Nf5 9. Nb3 Be7 10. Bd2 0-0 11. c4 dxc4 12. Na5 Nb6 13. Nxb7 Qd5 14. Bc3 Rab8 15. Na5 c5 16. dxc5 Qxc5 17. Nd2 Rfd8 18. Qc1 Bg5 19. Ne4 Bxc1 20. Nxc5 Bxb2 21. Bxb2 Rd2 22. Bxc4 Rxb2 23. Bb3 Rc8 24. Rfd1 Re2 25. g4 Nh4 26. Nxe6 Rxe5 27. Nc6 Rxe6 28. Bxe6 Re8 29. Ne7+ Kh8 30. Nxg6+ hxg6 31. Bxf7 Re4 32. h3 1-0

[Event "DEN 75th Ann"]
[Site "Copenhagen"]
[Date "2010.02.15"]
[Round "1"]
[White "Jorgensen, Rasmus"]
[Black "Kragh, Niels Kristian"]
[Result "1/2-1/2"]
[WhiteElo "2015"]
[BlackElo "2147"]
[PlyCount "36"]
[EventDate "2010.02.15"]
[EventType "swiss"]
[EventRounds "9"]
[EventCountry "DEN"]
[SourceTitle "CBM 134 Extra"]
[Source "ChessBase"]
[SourceDate "2010.03.03"]
[SourceVersion "1"]
[SourceVersionDate "2010.03.03"]
[SourceQuality "1"]

1. e4 c6 2. d4 d5 3. e5 Bf5 4. Nf3 e6 5. Be2 Ne7 6. 0-0 Nd7 7. Be3 Ng6 8. Nbd2 f6 9. exf6 gxf6 10. c4 Bd6 11. Re1 0-0 12. Nf1 Be4 13. Bh6 Re8 14. N3d2 Bf4 15. Bxf4 Nxf4 16. Nxe4 dxe4 17. Bh5 Nxh5 18. Qxh5 f5 1/2-1/2

[Event "Politiken Cup 31st"]
[Site "Helsingor"]
[Date "2009.07.24"]
[Round "8"]
[White "Ramme, Christoph"]
[Black "Kragh, Niels Kristian"]
[Result "0-1"]
[WhiteElo "2048"]
[BlackElo "2140"]
[PlyCount "70"]
[EventDate "2009.07.18"]
[EventType "swiss"]
[EventRounds "10"]
[EventCountry "DEN"]
[SourceTitle "CBM 131 Extra"]
[Source "ChessBase"]
[SourceDate "2009.09.03"]
[SourceVersion "2"]
[SourceVersionDate "2009.09.16"]
[SourceQuality "1"]

1. c4 f5 2. Nc3 Nf6 3. g3 e5 4. Bg2 Nc6 5. e3 d6 6. d3 g6 7. Nge2 Bg7 8. Rb1 a5 9. a3 0-0 10. 0-0 Be6 11. Nd5 Qd7 12. b4 axb4 13. axb4 g5 14. f4 gxf4 15. exf4 Bxd5 16. cxd5 Ne7 17. Qb3 Kh8 18. Bb2 Ng6 19. Bh3 Ng4 20. Bxg4 fxg4 21. Qc4 exf4 22. Nxf4 Bxb2 23. Rxb2 Ne5 24. Qc3 Kg8 25. Rc2 Qb5 26. Qxc7 Qxb4 27. Qe7 Qd4+ 28. Kg2 Nxd3 29. Qe6+ Kh8 30. Nxd3 Rxf1 31. Kxf1 Qxd3+ 32. Qe2 Qxd5 33. Qd2 Qh1+ 34. Ke2 Qf3+ 35. Ke1 Re8+ 0-1

[Event "Politiken Cup 31st"]
[Site "Helsingor"]
[Date "2009.07.19"]
[Round "2"]
[White "Alsina Leal, Daniel"]
[Black "Kragh, Niels Kristian"]
[Result "1-0"]
[WhiteElo "2529"]
[BlackElo "2140"]
[PlyCount "59"]
[EventDate "2009.07.18"]
[EventType "swiss"]
[EventRounds "10"]
[EventCountry "DEN"]
[SourceTitle "CBM 131 Extra"]
[Source "ChessBase"]
[SourceDate "2009.09.03"]
[SourceVersion "2"]
[SourceVersionDate "2009.09.16"]
[SourceQuality "1"]

1. e4 c6 2. d4 d5 3. Nc3 dxe4 4. Nxe4 Nd7 5. Ng5 Ngf6 6. Bd3 e6 7. N1f3 Bd6 8. Qe2 h6 9. Ne4 Nxe4 10. Qxe4 Qc7 11. 0-0 b6 12. Qg4 Kf8 13. b3 Bb7 14. Bb2 Nf6 15. Qh4 c5 16. dxc5 Qxc5 17. Nd4 Qg5 18. Qh3 Qg4 19. Qxg4 Nxg4 20. h3 Nf6 21. Rad1 Bc5 22. Rfe1 Rd8 23. Bb5 Kg8 24. Nc6 Rxd1 25. Rxd1 Ne4 26. Rd8+ Kh7 27. Rd7 Nxf2 28. Rxb7 Nxh3+ 29. Kf1 Ng5 30. Bd3+ 1-0

[Event "Politiken Cup 30th"]
[Site "Helsingor"]
[Date "2008.07.27"]
[Round "10"]
[White "Kragh, Niels Kristian"]
[Black "Matthiesen, Martin"]
[Result "0-1"]
[WhiteElo "2112"]
[BlackElo "2345"]
[PlyCount "66"]
[EventDate "2008.07.19"]
[EventType "swiss"]
[EventRounds "10"]
[EventCountry "DEN"]
[SourceTitle "CBM 125 Extra"]
[Source "ChessBase"]
[SourceDate "2008.09.01"]
[SourceVersion "1"]
[SourceVersionDate "2008.09.01"]
[SourceQuality "1"]

1. e4 c5 2. Nf3 d6 3. d4 cxd4 4. Nxd4 Nf6 5. Nc3 a6 6. f4 e5 7. Nf3 Nbd7 8. a4 Be7 9. Bd3 0-0 10. 0-0 exf4 11. Bxf4 Nc5 12. Kh1 Bg4 13. Be3 Bh5 14. Bxc5 dxc5 15. e5 Ne8 16. Be4 Nc7 17. Qe2 Qc8 18. Rad1 Qe6 19. Nd5 Rac8 20. Bf5 Nxd5 21. Bxe6 fxe6 22. c4 Nf4 23. Qe3 Be8 24. Nd2 g5 25. Ne4 Bc6 26. Rxf4 gxf4 27. Qe2 Rf5 28. Nf6+ Bxf6 29. exf6 Kf7 30. Re1 Re8 31. Qf2 Rg8 32. Rg1 f3 33. g4 Re5 0-1

[Event "Politiken Cup 30th"]
[Site "Helsingor"]
[Date "2008.07.22"]
[Round "5"]
[White "Hanssen, Gunnar Berg"]
[Black "Kragh, Niels Kristian"]
[Result "1-0"]
[WhiteElo "2232"]
[BlackElo "2112"]
[PlyCount "59"]
[EventDate "2008.07.19"]
[EventType "swiss"]
[EventRounds "10"]
[EventCountry "DEN"]
[SourceTitle "CBM 125 Extra"]
[Source "ChessBase"]
[SourceDate "2008.09.01"]
[SourceVersion "1"]
[SourceVersionDate "2008.09.01"]
[SourceQuality "1"]

1. Nf3 d5 2. d4 Bf5 3. g3 e6 4. Bg2 Nf6 5. 0-0 c6 6. b3 Bd6 7. Bb2 0-0 8. Nbd2 h6 9. Ne5 Nbd7 10. c4 Qc7 11. Ndf3 Rfe8 12. c5 Bxe5 13. dxe5 Nh7 14. Qd4 Be4 15. Bh3 Nhf8 16. Nd2 Bf5 17. Bg2 b6 18. cxb6 axb6 19. e4 Bh7 20. exd5 cxd5 21. Rfc1 Qb7 22. Nc4 Rec8 23. Nd6 Rxc1+ 24. Rxc1 Qa6 25. Bf1 Qa5 26. b4 Qa7 27. Bb5 Ng6 28. Nc8 Qb7 29. Bxd7 Qxd7 30. Nxb6 1-0